00877cam a22001931 450000100100000000500170001000800410002704000250006824500610009326000460015430000250020049000650022550001430029065000540043365000330048770000410052095201050056199900170066600001635120200929164402.0780228s1960 mx 000 0 spa  aDO-SdBNPbspacBNPHU00aNovelistas y narradores /cestudio de Rodrigo Pachano L. aPuebla, México, :bJ. M. Cajica,c1960. axv, 827 p. ;c22 cm.0 aBiblioteca ecuatoriana mínima. La colonia y la república aA cabeza de tít.: Publicación auspiciada por la Secretaría General de la Undécima Conferencia Interamericana, Quito, Ecuador, 196024aLiteratura ecuatorianaxBio-bibliografía93647024aNarrativa ecuatoriana9364711 aPachano Lalama, Rodrigo,eed.936472 001050718MOaGRbGRcHDd2010-03-03iLF1l0o p16351-10r2020-06-25w2020-06-25y1ZNo se presta c15886d15886